| 000 | 00472nam a2200181Ia 4500 | ||
|---|---|---|---|
| 003 | OSt | ||
| 005 | 20230511110936.0 | ||
| 008 | 210423s1992 xx 000 0 und d | ||
| 040 | _cAL | ||
| 041 | _aeng | ||
| 082 |
_a362.1 _223 _bWERH |
||
| 100 |
_aWERNER (David);BOWER (Bell). _9102614 |
||
| 245 | _aHelping health workers learn. | ||
| 260 |
_aU S A _bHesperian Foundation _c1992 |
||
| 365 | _cINR | ||
| 906 | _ahealth ; Helping ; learn. ; workers | ||
| 942 |
_2ddc _cBK |
||
| 999 |
_c171920 _d171920 |
||